Letecké právo a ekonomické stratégie EÚ

Medzinárodný charakter leteckej dopravy a pramene medzinárodného leteckého práva. Pramene leteckého práva na Slovensku a v EÚ. Ekonomické stratégie letísk a trh leteckej dopravy. Európska komisia a jednotný regulačný systém pre celú EÚ.

Gespeichert in:
Bibliographische Detailangaben
1. Verfasser: Sedláčková Novák, Alena
Format: Buchkapitel
Sprache:Slowakisch
Schlagworte:
Tags: Tag hinzufügen
Keine Tags, Fügen Sie das erste Tag hinzu!

MARC

LEADER 00000naa$a2200000$$$4500
001 0106179
005 20240411080309.2
041 0 |a slo 
044 |a SK 
245 1 0 |a Letecké právo a ekonomické stratégie EÚ  |c Alena Sedláčková Novák 
520 |a Medzinárodný charakter leteckej dopravy a pramene medzinárodného leteckého práva. Pramene leteckého práva na Slovensku a v EÚ. Ekonomické stratégie letísk a trh leteckej dopravy. Európska komisia a jednotný regulačný systém pre celú EÚ. 
610 2 0 |a právo letecké 
610 2 0 |a spoločnosti letecké 
610 2 0 |a doprava letecká 
610 2 0 |a letiská 
610 2 0 |a regulácia 
100 1 |a Sedláčková Novák, Alena